000 00681cam a22002171 4500
001 sa 68016620
003 DLC
005 20260227112656.0
008 720721s1967 xx 000 0 ind
010 _asa 68016620
035 _a(OCoLC)362021
040 _aDLC
_cOAU
_dDLC
042 _apremarc
050 0 0 _aBP186.36
_b.P7
100 1 _aPrawiranegara, Sjafruddin.
245 1 0 _aIsrâ' dan mi'radj,
_bditindjau dari sudut falsafah, psychologi dan ilmu alam.
260 _aDjakarta,
_b"Bulan Bintang,"
_c1967.
300 _a43 p.
_c21 cm.
500 _a"Kuliah umum ... di Universitas Indonesia, Djakarta ... setelah ditambah dan diperbaiki."
650 0 _aLaylat al-Miʻrāj.
999 _c87210
_d87210